000 00499nam a2200181Ia 4500
003 GCL
008 140319s9999 xx 000 0 eng d
040 _aGCL /
_cGCL
082 0 4 _aCC
_b962
_bE E
245 1 0 _aEGYPT ALMANAC :
_bTHE ENCYCLOPEDIA OF MODERN EGYPT
260 _aالقاهرة :
_bEGYPTO - FILE LIT. ،
_c2003
300 _a22 CM ؛
_c385 P
650 0 4 _aEGYPT - ECONOMIC CONDITIONS
650 0 4 _aEGYPT - HISTORY
650 0 4 _aEGYPTIAN
650 0 4 _aEGYPT - SPORTS
942 _2ddc
_cBK
999 _c5742
_d5742